Weird Geo Facts #5 - Statistics

General Stats
  • This quiz has been taken 29 times
  • The average score is 10 of 15
Answer Stats
Hint Answer % Correct
This country's flag is not a rectangle. Nepal
100%
This country has 1/8 of the earth's land surface. Russia
100%
This continent occupies all 4 hemispheres. Africa
93%
The largest desert sits on this continent. Antarctica
89%
This country is in Asia and Africa Egypt
89%
The longest bridge is found in this country. China
81%
This point is the furthest away from any ocean. Xinjiang, China
81%
This is the tallest waterfall on land. (3,212 feet) Angel Falls
74%
This is the world's tallest skyscraper. Burj Khalifa
74%
This is the largest archipelago in the world. Malay Archipelago
70%
The tallest man ever recorded was from this country. The United States
70%
The oldest olive tree in the world is in this country. Palestine
44%
This city stands on a lake. Mexico City
37%
The national tree of this country 'bleeds', and the country is named after it. Brazil
7%
This is the tallest waterfall. (11,500 feet) Denmark Strait Cataract
0%
No matching quizzes found
Score Distribution
Percent of People with Each Score
Percentile by Number Answered
Your Score History
You have not taken this quiz